Statistics for Countries and Dependencies with a GDP (PPP) per capita of at least $30,000 in order - Hard

Click here to take the quiz!

General Stats

  • This quiz has been taken 40 times
  • The average score is 11 of 58

Answer Stats

Dependency of* Answer % Correct
ChinaMacau
89%
ChinaHong Kong
68%
Luxembourg
61%
Qatar
61%
Norway
43%
DenmarkGreenland
43%
United KingdomBermuda
43%
Liechtenstein
39%
Singapore
36%
DenmarkFaroe Islands
32%
United States
32%
United KingdomGuernsey
29%
Netherlands
29%
Switzerland
29%
United KingdomJersey
29%
NetherlandsSint Maarten
25%
Brunei
25%
Monaco
25%
United KingdomIsle of Man
21%
Canada
21%
United StatesUS Virgin Islands
21%
United StatesGuam
21%
Kuwait
21%
Sweden
18%
Denmark
18%
United KingdomGibraltar
14%
Germany
14%
Australia
14%
Bahrain
14%
Austria
14%
United KingdomCayman Islands
11%
Belgium
11%
Finland
11%
United Arab Emirates
11%
United Kingdom
7%
Japan
7%
FracneNew Caledonia
7%
Saudi Arabia
7%
United KingdomBritish Virgin Islands
7%
France
7%
Iceland
7%
Italy
4%
FranceSaint Pierre and Miquelone
4%
Israel
4%
New Zealand
4%
Spain
4%
San Marino
4%
United KingdomFalkland Islands
4%
Taiwan
4%
Ireland
4%
South Korea
4%
Cyprus
0%
Slovenia
0%
Czech Republic
0%
Oman
0%
Andorra
0%
Equatorial Guinea
0%
Trinidad and Tobago
0%

Score Distribution

Percentile by Number Answered

Percent of People with Each Score

Your Score History

You have not taken this quiz